00496nam a2200193 a 4500001001300000003000900013005001700022008004100039020001000080082001500090100001600105245004600121260004200167300000900209500003500218505001000253650002300263700001600286nice12345678IN_TiNIC20260116012703.0050524s1975 cana grp 000 0 eng  ac10000a236.2bHAR aHarlow, R E aWho Is Who in Heaven and How to Meet Them aCanadabEvery Day Publications c1975 a155p aincludes index and biblioraphy2 aIndex aEschatology-Heaven1 aHarlow, R E